| 000 | 00477nam a2200157Ia 4500 | ||
|---|---|---|---|
| 008 | 200619s9999 xx 000 0 und d | ||
| 020 | _a0-07-125515-X | ||
| 100 | _aCooper, Donald R. | ||
| 245 |
_cDonald R. Cooper, Pamela S. Schindler.-- _aBusiness Research Methods / |
||
| 250 | _a9th ed. | ||
| 260 |
_aPhilippines: _bMcGraw-Hill _c2006 |
||
| 300 | _axii, 744 pages | ||
| 500 | _aIncludes references, glossary and index. | ||
| 650 | _aBusiness | ||
| 650 | _aResearch method | ||
| 999 |
_c363733 _d363733 |
||